Quiz wiedzy o serii Gothic - Statystyki

Ogólne statystyki
  • Ten quiz został rozwiązany 1 236 razy
  • Średni wynik to 22 z 40
Statystyki odpowiedzi
Zagadnienie Odpowiedź % Poprawnych
Którego boga wyznają Magowie Wody? Adanosa
97%
Który styl walki jest specjalizacją Asasynów z trzeciej części gry? Walka dwiema broniami
89%
Kto wykonuje "chrzest wody" na Bezimiennym w intrze do pierwszej części gry? Bullit
85%
Kto jest posiadaczem Gniewu Innosa w pierwszej części gry? Gomez
84%
Do której kasty orków należał Hosh-Pak z drugiej części gry? Szaman
80%
Podczas włączonego Marvin mode, po wciśnięciu klawisza "K" następuje: Przesunięcie Bezimiennego kilka metrów do przodu
78%
Który z tych potworów zadebiutował w trzeciej części sagi? Rozpruwacz
77%
W pierwszej części gry Pyrokar wręcza protagoniście list do Magów Ognia. Kto jest jego rzeczywistym adresatem? Xardas
76%
W którym mieście Myrtany rozpoczyna się akcja Gothic 3? Ardea
75%
Której z tych postaci nie można zabrać na statek, prowadzący na dwór Irdorath w drugiej części sagi? Raoula
75%
Którego z najlepszych przyjaciół z pierwszej części gry Bezimienny spotyka najwcześniej w drugiej części? Lestera
74%
Która postać jest towarzyszem Bezimiennego podczas zdobywania kamienia ogniskującego w ruinach klasztoru? Gorn
73%
Jak ma na imię przywódca grupy bandytów z pierwszej części Gothica? Quentin
73%
Spośród wymienionych postaci, Magiem Ognia nie jest: Pedro
72%
Które z tych wydarzeń fabularnych miało miejsce najpóźniej? Dostarczenie kamieni ogniskujących Saturasowi
71%
Kto jest mistrzem areny Mora Sul? Angar
68%
W którym rozdziale pierwszej części Bezimienny wraz z Gornem odbijają Wolną Kopalnię? 4
67%
Ile drabin występuje w Gothic II: Noc Kruka? 2
65%
W drugiej części gry Bezimienny, będąc łowcą smoków, może wykuć dwuręczną broń, która wyglądem przypomina Uriziel z pierwszej części. Jest to: Duże magiczne ostrze na smoki
57%
Co stanie się z bohaterem, gdy ten wypije lekarstwo orków, które należy dać Tarrokowi? Bezimienny umrze
56%
W pierwszej części gry występuje bug, aktywujący się, gdy Bezimienny zacznie się skradać w mieście orków, mając założone Ulu-Mulu. Co się wtedy dzieje? Orkowie zaczynają walczyć między sobą
56%
Która postać wypowiada kultowy tekst "Nie, siekam cebulkę!"? Crimson
54%
Bardzo stara mapa z Gothica II zawiera błąd - jaki? Znajduje się na niej wieża Xardasa
54%
Biały rozpruwacz z Gothic 3 jest: Lodowym wilkiem
50%
Jak miał na imię wielki wojownik Nordmaru, założyciel Klanu Ognia i posiadacz pierścienia magii Adanosa? Akascha
48%
Bronie orków nie zmieniły wyglądu pomiędzy pierwszymi dwiema częściami gry, zmieniły się zaś ich nazwy. Lekki orkowy topór z dwójki w "jedynce" nazywał się: Krush Pach
48%
Mikstura Embarla Firgasto zwiększa na stałe o 15 punktów którą statystykę? Siłę lub zręczność, w zależności czego posiadamy więcej
45%
Który NPC z przedrostkiem Baal nie był Guru w obozie Bractwa? Parvez
44%
Który z tych smoków występuje na dworze Irdorath? Feodaron
43%
Największe obrażenia spośród wszystkich czarów z dwóch pierwszych części serii Gothic zadaje: Śmierć ożywieńcom
40%
Za palisadą orków w Gothic II znajduje się przechowalnia ciał. Gdzie dokładnie można ją znaleźć? Jaskinia obok klasztoru zmiennokształtnych
36%
Która z tych postaci występuje w każdej z pierwszych trzech części Gothic (wliczając w to podstawową wersję Gothica II) i Zmierzchu Bogów? Lee
36%
Przywódcę Klanu Ognia z trzeciej części gry - Kertha dubbinguje znany polski wokalista. Jest nim: Robert Gawliński
35%
Najsilniejszą kuszą w Gothic 3 jest: Krash Morra
33%
Który pancerz zapewnia najlepszą ochronę w trzeciej części sagi? Pancerz orka
33%
Ilu członków Bractwa Śniącego uniknęło opętania po wygnaniu demona? Trzech
30%
Która z tych postaci nie jest nieśmiertelna w pierwszej części gry? Lee
26%
Do stworzenia runy Śmiertelnej fali w drugiej części gry potrzebne są kamień runiczny, zwój z zaklęciem, serce demona, kość szkieletu, czarna perła i: Serce kamiennego golema
15%
Wszyscy orkowi szamani, którzy przywołali Śniącego, oprócz jednego, dzierżą ShaBaNakk. Który z tych szamanów jest tym wyjątkiem? Varrag-Hashor
13%
Ilu członków Starego Obozu nie atakuje Bezimiennego po trzecim rozdziale? Sześciu
5%
Nie znaleziono quizów pasujących do podanych kryteriów
Rozkład punktacji
Procent ludzi z każdym wynikiem
Percentyl według liczby udzielonych odpowiedzi
Twoja historia wyników
Nie rozwiązałeś tego quizu